| 000 | 01308njm a22003257a 4500 | ||
|---|---|---|---|
| 005 | 20100916124527.0 | ||
| 007 | sd ammalaaahaa | ||
| 008 | 100904t xxu||||| |||| 00| 0 hin d | ||
| 028 |
_aECSD. 2796 _bEMI |
||
| 028 |
_a2YJW. 438 _bEMI |
||
| 028 |
_a2YJW. 439 _bEMI |
||
| 035 | _aGR-02797 | ||
| 040 | _aSED/VEN | ||
| 100 |
_aMalhotra, Sudha _91184 |
||
| 245 |
_aKati Patang; Part-1 _bHindi / _cby Lata Mangeshkar; Music by R.D. Burman; Lyric by Anand Bakshi _h[Sound Recording] : |
||
| 246 | _aकटी पतंग (लता मंगेशकर) | ||
| 260 |
_aDum Dum, India : _bODEON |
||
| 300 |
_a1 sound disc [Gramophone Recording] : _banalog, 33 1/3 rpm ; _c12 in. [LP] _fGramophone Records |
||
| 500 | _aBrief Records | ||
| 500 | _aRecord Labels: ODEON, Black | ||
| 505 | _aSong Side-1; ना कोई उमंग है (कटी पतंग) (लता मंगेशकर), Song Side-2; ये शाम मस्तानी (किशोर कुमार) Part 2 | ||
| 600 |
_aMalhotra, Sudha _920259 |
||
| 610 | _920322 | ||
| 650 |
_aClassical Music _xExcerpts _zIndia _918309 |
||
| 700 | _918319 | ||
| 700 | _918320 | ||
| 700 | _920323 | ||
| 942 |
_2ddc _cGR |
||
| 999 |
_c46166 _d46166 |
||